<?xml version="1.0" encoding="UTF-8"?>
<record
    xmlns:xsi="http://www.w3.org/2001/XMLSchema-instance"
    xsi:schemaLocation="http://www.loc.gov/MARC21/slim http://www.loc.gov/standards/marcxml/schema/MARC21slim.xsd"
    xmlns="http://www.loc.gov/MARC21/slim">

  <leader>02623nam a22003017a 4500</leader>
  <controlfield tag="003">OSt</controlfield>
  <controlfield tag="005">20260512112950.0</controlfield>
  <controlfield tag="008">260512b        |||||||| |||| 00| 0 aze d</controlfield>
  <datafield tag="020" ind1=" " ind2=" ">
    <subfield code="a">9789952517132</subfield>
  </datafield>
  <datafield tag="040" ind1=" " ind2=" ">
    <subfield code="a">AZ-XaKU</subfield>
    <subfield code="b">aze</subfield>
    <subfield code="c">AZ-XaKU</subfield>
  </datafield>
  <datafield tag="041" ind1="0" ind2=" ">
    <subfield code="a">aze</subfield>
  </datafield>
  <datafield tag="050" ind1="1" ind2="4">
    <subfield code="a">PN2859 .A9 .R1293 .T3408 2017</subfield>
  </datafield>
  <datafield tag="100" ind1="1" ind2=" ">
    <subfield code="e">m&#xFC;&#x259;llif</subfield>
    <subfield code="a">R&#x259;himli, &#x130;lham,</subfield>
    <subfield code="b">s&#x259;n&#x259;t&#x15F;&#xFC;nasl&#x131;q doktoru, professor ;</subfield>
    <subfield code="c">1941 - ;</subfield>
    <subfield code="d">m&#xFC;&#x259;llif</subfield>
  </datafield>
  <datafield tag="245" ind1="1" ind2=" ">
    <subfield code="a">Az&#x259;rbaycan teatr tarixi</subfield>
    <subfield code="c">/ &#x130;lham R&#x259;himli</subfield>
  </datafield>
  <datafield tag="264" ind1=" " ind2=" ">
    <subfield code="a">Bak&#x131;:</subfield>
    <subfield code="b">&#x15E;&#x259;rq-Q&#x259;rb,</subfield>
  </datafield>
  <datafield tag="300" ind1=" " ind2=" ">
    <subfield code="a">496 s&#x259;hif&#x259; ;</subfield>
    <subfield code="b">&#x15F;&#x259;killi ;</subfield>
    <subfield code="c">24.5 sm.</subfield>
  </datafield>
  <datafield tag="336" ind1=" " ind2=" ">
    <subfield code="a">text</subfield>
    <subfield code="b">txt</subfield>
    <subfield code="2">rdacontent</subfield>
  </datafield>
  <datafield tag="337" ind1=" " ind2=" ">
    <subfield code="a">unmediated</subfield>
    <subfield code="b">n</subfield>
    <subfield code="2">rdamedia</subfield>
  </datafield>
  <datafield tag="338" ind1=" " ind2=" ">
    <subfield code="a">volume </subfield>
    <subfield code="b">nc</subfield>
    <subfield code="2">rdacarrier</subfield>
  </datafield>
  <datafield tag="504" ind1=" " ind2=" ">
    <subfield code="a">Biblioqrafiya: s&#x259;h. 482 - 493</subfield>
  </datafield>
  <datafield tag="505" ind1="0" ind2=" ">
    <subfield code="a"> I B&#xF6;lm&#x259;. Milli "oyun" m&#x259;d&#x259;niyy&#x259;ti -- Meydan teatr&#x131; -- &#x15E;&#x259;bih tama&#x15F;alar&#x131; -- "Kilimaras&#x131;": B&#x259;b&#x259;k. &#x130;pd&#x259;oyuq. Kosag&#x259;lin -- II B&#xF6;lm&#x259;. Pe&#x15F;&#x259;kar teatr&#x131;n t&#x259;&#x15F;&#x259;kk&#xFC;l&#xFC; v&#x259; inki&#x15F;af m&#x259;rh&#x259;l&#x259;l&#x259;ri -- Musiqili teatrlar&#x131;n t&#x259;&#x15F;&#x259;kk&#xFC;l&#xFC; -- Musiqili teatr&#x131;n yarad&#x131;c&#x131;lar&#x131; -- &#x15E;&#x259;kill&#x259;rd&#x259; &#x259;b&#x259;dil&#x259;&#x15F;&#x259;n tarix</subfield>
  </datafield>
  <datafield tag="520" ind1=" " ind2=" ">
    <subfield code="a">S&#x259;n&#x259;t&#x15F;&#xFC;nasl&#x131;q doktoru, professor &#x130;lham R&#x259;himlinin "Az&#x259;rbaycan teatr tarixi" fundamental t&#x259;dqiqi &#x259;s&#x259;ri 5 cildd&#x259;n ibar&#x259;tdir. Alimin bu &#x259;s&#x259;rl&#x259;rind&#x259; Az&#x259;rbaycan milli teatr tarixi min-min ill&#x259;r &#x259;vv&#x259;ll&#x259;rd&#x259;n m&#xF6;vcud olan xalq oyun-tama&#x15F;alr&#x131;ndan, meydan teatr&#x131;ndan ba&#x15F;layaraq g&#xFC;n&#xFC;mz&#x259; q&#x259;d&#x259;r olan d&#xF6;vr&#xFC; &#x259;hat&#x259; edilib. Az&#x259;rbaycan  teatr&#x15F;&#xFC;nal&#x131;&#x11F;&#x131;nda pe&#x15F;&#x259;kar s&#x259;hn&#x259; s&#x259;n&#x259;timizin  b&#xFC;t&#xFC;n tarixi m&#x259;rh&#x259;l&#x259;l&#x259;ri - t&#x259;&#x15F;&#x259;kk&#xFC;l&#xFC;, inki&#x15F;af tarixi, &#x259;sas  yarad&#x131;c&#x131;l&#x131;q m&#x259;rh&#x259;l&#x259;l&#x259;ri, b&#x259;dii-estetik s&#x259;ciyy&#x259;l&#x259;ri, poetikas&#x131;n&#x131;n &#x259;saslar&#x131;, janr &#xFC;slub m&#xFC;xt&#x259;lifliyi ilk d&#x259;f&#x259; konseptual &#x15F;&#x259;kild&#x259;, elmi-n&#x259;z&#x259;ri prinsipl&#x259;rl&#x259;, xronoloji ard&#x131;c&#x131;ll&#x131;qla ara&#x15F;d&#x131;r&#x131;l&#x131;b.
Birinci cildd&#x259; m&#xFC;xt&#x259;lif milli xalq oyun-tama&#x15F;alar&#x131;n&#x131;n, meydan teatr&#x131;n&#x131;n, &#x15F;&#x259;bih teatr&#x131;n&#x131;n, kilimaras&#x131;n&#x131;n &#x259;saslar&#x131; verilib. Milli pe&#x15F;&#x259;kar teatr&#x131;m&#x131;z 1873-c&#xFC; il mart&#x131;n 10-da Bak&#x131;da t&#x259;&#x15F;&#x259;kk&#xFC;l tap&#x131;b. Bunun ard&#x131;nca Tiflisd&#x259;, &#x130;r&#x259;vanda, &#x15E;u&#x15F;ada, &#x15E;amax&#x131;da, Nax&#xE7;&#x131;vanda, &#x15E;&#x259;kid&#x259;, A&#x15F;qabadda, T&#x259;brizd&#x259;, el&#x259;c&#x259; d&#x259; Az&#x259;rbaycan&#x131;n m&#xFC;xt&#x259;lif rayonlarnda teatrlar&#x131;n yaran&#x131;&#x15F;&#x131; v&#x259; t&#x259;&#x15F;&#x259;kk&#xFC;l yolu ba&#x15F;lay&#x131;b. Bu cildd&#x259; m&#xFC;xt&#x259;lif m&#x259;kanlarda teatr prosesinin d&#xF6;vl&#x259;t t&#x259;sisat&#x131;na q&#x259;d&#x259;r olan d&#xF6;vr&#xFC;  t&#x259;dqiq v&#x259; t&#x259;hlil olunub. Milli opera v&#x259; operetta  janrlar&#x131;n&#x131;n yarnmas&#x131; v&#x259; ilkin inki&#x15F;af d&#xF6;vr&#xFC; d&#x259; brinci  cildd&#x259; verilib.
 </subfield>
  </datafield>
  <datafield tag="521" ind1=" " ind2="l">
    <subfield code="a">&#xDC;mumi oxucu k&#xFC;tl&#x259;si</subfield>
  </datafield>
  <datafield tag="650" ind1=" " ind2="7">
    <subfield code="2">AZ-XaKU</subfield>
    <subfield code="a">Teatr&#x15F;&#xFC;nasl&#x131;q</subfield>
  </datafield>
  <datafield tag="655" ind1=" " ind2=" ">
    <subfield code="a">elmi-publisistik</subfield>
  </datafield>
  <datafield tag="942" ind1=" " ind2=" ">
    <subfield code="c">BOOK</subfield>
  </datafield>
  <datafield tag="999" ind1=" " ind2=" ">
    <subfield code="c">419</subfield>
    <subfield code="d">419</subfield>
  </datafield>
  <datafield tag="952" ind1=" " ind2=" ">
    <subfield code="0">0</subfield>
    <subfield code="1">0</subfield>
    <subfield code="2">lcc</subfield>
    <subfield code="4">0</subfield>
    <subfield code="7">0</subfield>
    <subfield code="a">KU</subfield>
    <subfield code="b">KUA</subfield>
    <subfield code="d">2026-05-12</subfield>
    <subfield code="l">0</subfield>
    <subfield code="o">PN2859 .A9 .R1293 .T3428 2017</subfield>
    <subfield code="p">0000001194</subfield>
    <subfield code="r">2026-05-12 10:23:04</subfield>
    <subfield code="t">1</subfield>
    <subfield code="w">2026-05-12</subfield>
    <subfield code="y">BOOK</subfield>
  </datafield>
</record>
